Statistiques concernant Pokémon Sauvages(Johto HGSS)

Cliquez ici pour prendre le quiz!

Statistiques générales

  • Ce quiz a été pris 22 fois
  • Le résultat moyen est 358 sur 479

Statistiques - réponses

LieuxPokémon% Correct
Magicarpe
93%
(éclate-roc) | Antre Noir/côté Mauville | Caves Jumelles | +4 othersRacaillou
93%
Rattata
93%
Route 29 | Route 30Roucool
93%
Scarabrute
93%
Scarhino
93%
(pêche) | (sur l'eau) | Chenal 40(sur l'eau) | +3 othersTentacool
93%
SSAspicot
86%
Route 44Boustiflor
86%
HG | concours capture d'insectesChenipan
86%
Route 31Chétiflor
86%
HGChrysacier
86%
SSCoconfort
86%
Fantominus
86%
Fouinette
86%
Gravalanch
86%
Insécateur
86%
Lainergie
86%
Machoc
86%
Machopeur
86%
Magmar
86%
Magnéti
86%
HGMimigal
86%
Nosferalto
86%
Onix
86%
Piafabec
86%
Roucoups
86%
Tauros
86%
Tentacruel
86%
SSAirmure
79%
Corayon
79%
Dardargnan
79%
Écrémeuh
79%
Hoothoot
79%
Léviator
79%
(rencontre)Léviator Chromatique
79%
Lippoutou
79%
Marcacrin
79%
Minidraco
79%
Nidoran♀
79%
Route 35Nidoran♂
79%
Nosferapti
79%
Papilusion
79%
Poissirène
79%
Pomdepik
79%
(pêche) | (sur l'eau) | Rosalia(sur l'eau)Ptitard
79%
Rapasdepic
79%
Rattatac
79%
HGSabelette
79%
Smogo
79%
Têtarte
79%
Voltorbe
79%
Wattouat
79%
SSAbo
71%
Axoloto
71%
HGCaninos
71%
SSCoxy
71%
HGDémanta
71%
Draco
71%
Feuforêve
71%
Flagadoss
71%
SSGoupix
71%
Kokiyas
71%
profondeurs de la grotteLugia
71%
Maraiste
71%
Mimitoss
71%
Mystherbe
71%
Noarfang
71%
Otaria
71%
Paras
71%
HGPhanpy
71%
Poissoroy
71%
Qwilfish
71%
Ramoloss
71%
Stari
71%
Abra
64%
Canarticho
64%
Capumain
64%
Cerfrousse
64%
Électrode
64%
HGFérosinge
64%
toit de la TourHo-Oh
64%
Hypocéan
64%
(pêche)Hypotrempe
64%
(son Sinnoh)Keunotor
64%
spécialLokhlass
64%
Loupio
64%
Marill
64%
Métamorph
64%
(coup d'boule) | Bourg Geon(coup d'boule) | Mauville(coup d'boule) | Ville Griotte(coup d'boule)Noeunoeuf
64%
Ortide
64%
(sur l'eau)Psykokwak
64%
Rémoraid
64%
Saquedeneu
64%
HGScorplane
64%
Route 34Soporifik
64%
(essaim)Tarsal
64%
SSTeddiursa
64%
Tournegrin
64%
Yanma
64%
(sous-sol)Zarbi
64%
Akwakwak
57%
Armulys
57%
Blindalys
57%
Cadoizo
57%
Caratroc
57%
Charmillon
57%
avec le Pokédex NationalChenipotte
57%
Excelangue
57%
Insolourdo
57%
Krabboss
57%
(pêche) | (éclate-roc)Krabby
57%
Lanturn
57%
(son Hoenn)Linéon
57%
Ruines d'AlphaNatu
57%
Papinox
57%
Queulorior
57%
(spécial)Simularbre
57%
(spécial)Suicune
57%
Taupiqueur
57%
(son Hoenn)Zigzaton
57%
Apitrini
50%
Ceribou
50%
(son Hoenn)Chamallot
50%
Crikzik
50%
Girafarig
50%
(son Hoenn)Makuhita
50%
Mélokrik
50%
SSMiaouss
50%
Mustébouée
50%
Ningale
50%
Qulbutoké
50%
Parc NaturelRoucool
50%
Snubbull
50%
Cheniti cape Plante
43%
Chuchmur
43%
Granivol
43%
(son Sinnoh)Lixy
43%
Lumivole
43%
(son Sinnoh)Méditikka
43%
Muciole
43%
Négapi
43%
Nirondelle
43%
(son Hoenn)Posipi
43%
(son Sinnoh)Rozbouton
43%
Spoink
43%
Steelix
43%
Spinda
36%
Absol
29%
Pijako
29%
Vortente
29%
Archéomire
21%
SSGroudon
21%
Tour Enfouie HGKyogre
21%
Rayquaza
21%
(essaim)Tylton
21%
(essaim)Barbicha
14%
(son Sinnoh)Korillon
14%

Distribution des résultats

Percentile par nombre de réponses

% des personnes avec chaque résultat

Votre développement - résultats

Vous n’avez pas pris ce quiz